Statistics for All 40 Home Run Hitters in Detroit Tigers History

Click here to take the quiz!

General Stats

  • This quiz has been taken 47 times
  • The average score is 4 of 6

Answer Stats

YearPlayer% Correct
2012, 2012Miguel Cabrera
98%
1990, 1991Cecil Fielder
95%
1938, 1940, 1946Hank Greenberg
83%
1961Norm Cash
55%
1985Darrell Evans
48%
1961Rocky Colavito
43%

Score Distribution

Percentile by Number Answered

Percent of People with Each Score

Your Score History

You have not taken this quiz